000 01334nam a2200229 a 4500
001 000028003
003 AM-YEHGA
005 20251225132716.0
008 980306s1980 ai ||||fr|||||||||0|arm|d
040 _aAM-YeHGA
041 0 _aarm
100 1 _aՀակոբյան, Գրիգոր Արշակի,
_d1907-1981
_91214
245 1 0 _aՇարականների ժանրը հայ միջնադարյան գրականության մեջ :
_b(V-XV դդ.) = Жанр шараканов в средневековой армянской литературе : (V-XVвв.) /
_cԳ.Ա. Հակոբյան ; Պատ. խմբ. Գ.Վ. Աբգարյան ; ՀՍՍՀ ԳԱ Մ. Աբեղյանի անվ գրակ. ին-տ.
246 1 1 _aЖанр шараканов в средневековой армянской литературе (V-XVвв.)
260 _aԵրևան :
_bՀՍՍՀ ԳԱ հրատ.,
_c1980.
300 _a428 էջ ;
_c21 սմ.
650 1 4 _aՀայ գրականագիտություն
_xՇարականներ
_dՄիջնադար
700 1 _aԱբգարյան, Գևորգ Վահագնի,
_d1920-1998
_eկազմ.
_4edt
_975
710 2 _aՄ. Աբեղյանի անվան գրականության ինստիտուտ ՀՍՍՀ ԳԱ
856 4 1 _uhttps://arar.sci.am/dlibra/publication/427071/edition/395323/content
_yԿարդալ առցանց
942 _2udc
_cBK
999 _c12220
_d12220